Movies Quiz

Random Movies or Director Quiz

Meryl Streep's Directors Quiz Stats

 Plays Quiz not verified by Sporcle

Support Sporcle.
Go Orange.
Score 0/7 Timer 05:00
0 Plays Today
Last Word of Film Titles The Director % Correct
Silkwood Heartburn EdgeMike Nichols
86%
Kramer NightRobert Benton
80.2%
Woods ReturnsRob Marshall
77.3%
Candidate FlashJonathan Demme
72.7%
Mia! LadyPhyllida Lloyd
50.4%
Prada SpringsDavid Frankel
38.8%
Plenty DarkFred Schepisi
30.6%

You're not logged in!

Compare scores with friends on all Sporcle quizzes.
OR
Log In

From the Vault

Feline or Lyin'

by mselby

What we've learned from this quiz is that the Internet is never going to run out of cats.
Remove Ads.
Support Sporcle.
Get the best of Sporcle when you Go Orange. This ad-free experience offers more features, more stats, and more fun while also helping to support Sporcle. Thank you for becoming a member.

Show Comments

Extras

Top Quizzes Today


Score Distribution

Your Account Isn't Verified!

In order to create a playlist on Sporcle, you need to verify the email address you used during registration. Go to your Sporcle Settings to finish the process.

Report this User

Report this user for behavior that violates our Community Guidelines.

Details: